Loading...

ആധുനികാനന്തര മലയാളനോവല്‍ : വിപണി, കല, പ്രത്യയശാസ്ത്രം /

Bibliographic Details
Main Author: ജേക്കബ്, ഷാജി
Other Authors: Jacob, Shaji
Format: Printed Book
Language:English
Published: തിരുവനന്തപുരം : കേരള ഭാഷാ ഇന്‍സ്റ്റിറ്റ്യൂട്ട്, 2018.
Edition:1st ed.
Subjects:
LEADER 01169nam a22002057a 4500
008 181130b xxu||||| |||| 00| 0 eng d
999 |c 25136  |d 25136 
020 |a 9788120043541 
082 |a 894.1307  |b JAC 
100 |a ജേക്കബ്, ഷാജി 
240 |a Adhunikananthara Malayala novel : vipani, kala, prathyayashasthram 
245 |a ആധുനികാനന്തര മലയാളനോവല്‍ :  |b വിപണി, കല, പ്രത്യയശാസ്ത്രം /  |c ഷാജി ജേക്കബ് 
250 |a 1st ed. 
260 |a തിരുവനന്തപുരം :  |b കേരള ഭാഷാ ഇന്‍സ്റ്റിറ്റ്യൂട്ട്,  |c 2018. 
300 |a 167p. 
650 |a നോവല്‍ 
700 |a Jacob, Shaji 
942 |2 ddc  |c BK 
952 |0 0  |1 0  |2 ddc  |4 0  |6 894_130700000000000_JAC  |7 0  |9 34385  |a MAIN  |b MAIN  |d 2018-11-30  |e Kerala Bhasha Institute  |g 100.00  |l 9  |m 7  |o 894.1307 JAC  |p 33547  |r 2020-03-05  |s 2020-02-25  |t 1  |w 2018-11-30  |y BK 
952 |0 0  |1 0  |2 ddc  |4 0  |6 894_130700000000000_JAC  |7 0  |9 34386  |a MAIN  |b MAIN  |d 2018-11-30  |e Kerala Bhasha Institute  |g 100.00  |l 7  |o 894.1307 JAC  |p 33548  |r 2020-03-02  |s 2020-03-02  |t 2  |w 2018-11-30  |y BK